000 00822nam a2200217 a 4500
003 0
005 20250407102034.0
008 050809s19uu xx 00 eng d
050 _aPGS GV 1114.7.T34
_b.P195 2005
100 _aPanopio, Ma. Angela Katrina D.C.
245 _aPerceptions of lower school students on Tae Kwon Do /
_cMa. Angela Katrina D.C. Panopio.
260 _aLas PiƱas City, Philippines :
_bSouthville International School and Colleges,
_c2005.
300 _a25 pages :
_billustrations ;
_c28 cm.
504 _aIncludes bibliographical references.
650 _aTaekwondo.
650 _aPhysical education for children.
650 _aMartial arts
_vStudy and teaching.
650 _aPhysical education and training.
650 _aElementary school students
_vAttitudes.
942 _2lcc
_cPASS
999 _c97409
_d97409